000 00518nmm a2200181Ia 4500
008 251105s9999||||xx |||||||||||||||||und||
020 _a9788415410607
041 _aspa
100 _aBerlin, Eve
245 0 _aEl límite del deseo
264 _a[Madrid, España] :
_bTerciopelo,
_c[Fecha de publicación no identificada]
300 _a0 páginas
650 _aErotic novel
700 _aBerlin, Eve
700 1 _a Surià, Scheherezade
856 _uhttps://public.digitaliapublishing.com/a/81899
942 _cCF
999 _c62785
_d62785